Logo BPK

Biblioteka

Politechniki Koszalińskiej

Zagadnienia analizy i syntezy kolumn obciążonych siłami śledzącymi ze względu na stateczność / (Rekord nr 23147)

Szczegóły MARC
000 -ETYKIETA REKORDU
podpole kontrolne o stałej długości 00602nam a2200181 i 4500
001 - NUMER KONTROLNY REKORDU
pole kontrolne bg
040 ## - ŹRÓDŁO KATALOGOWANIA
Instytucja, która utworzyła rekord BPK
041 ## - KOD JĘZYKA
Kod języka tekstu pol
080 ## - UNIWERSALNA KLASYFIKACJA DZIESIĘTNA - UKD
UKD 624.01/.07
008 - POLE O STAŁEJ DŁUGOŚCI - DANE KONTROLNE
podpole kontrolne o stałej długości s pl f |000 0 pol
100 1# - NAZWA OSOBOWA
Nazwa osobowa BOGACZ, Roman
245 #0 - TYTUŁ/ODPOWIEDZIALNOŚĆ
Tytuł Zagadnienia analizy i syntezy kolumn obciążonych siłami śledzącymi ze względu na stateczność /
Pozostałe elementy strefy tytułu i oznaczenia odpowiedzialności R. Bogacz, R. Janiszewski.
260 ## - STREFA ADRESU WYDAWNICZEGO
Miejsce wydania Warszawa,
Data publikacji, dystrybucji/powstania dokumentu 1986.
490 1# - STREFA SERII I DOKUMENTU WIELOCZĘŚCIOWEGO - FORMA NIE DO WYSZUKIWANIA
Tytuł i oznaczenie odpowiedzialności serii Prace Instytutu Podstawowych Problemów Techniki PAN ;
Numeracja w obrębie serii 20
700 1# - HASŁO DODATKOWE - NAZWA OSOBOWA
Nazwa osobowa JANISZEWSKI, Ryszard
830 ## - HASŁO DODATKOWE SERII LUB DOKUMENTU WIELOCZĘŚCIOWEGO - TYTUŁ UJEDNOLICONY
Tytuł ujednolicony Prace Instytutu Podstawowych Problemów Techniki PAN ;
856 ## - LOKALIZACJA I DOSTĘP DO ELEKTRONICZNYCH DOKUMENTÓW ZDALNYCH
Link (URL) http://koha.tu.koszalin.pl/cgi-bin/koha/opac-detail.pl?biblionumber=23147
Tekst linku Katalog online BPK
942 ## - DODATKOWE ELEMENTY (KOHA)
Typ dokumentu Książka
Egzemplarze
Wycofany Status egzemplarza Uszkodzony Dostępność Lokalizacja stała Lokalizacja bieżąca Miejsce przechowywania Sygnatura Kod kreskowy Typ dokumentu
      Dostępny Biblioteka Politechniki Koszalińskiej Biblioteka Politechniki Koszalińskiej Wypożyczalnia BG 33161 01588248 Książka
© 2023 Biblioteka Politechniki Koszalińskiej :: KOHA